000 00333nam a22001337a 4500
008 180206b xxu||||| |||| 00| 0 eng d
020 _a9789997637390
041 _aeng
080 _a616.12-008-073
100 _a7
101 _aKARD
245 _aHeart disease a textbook of cardiovascular medicine
_cZipes,D.P
942 _2udc
_cBK
999 _c41918
_d41918